000 00501nam a2200181Ia 4500
999 _c14222
_d14222
003 OSt
005 20201021105903.0
008 190216s9999||||xx |||||||||||||| ||und||
020 _a0753401207
040 _coclc
082 _a821
_bBER/C
100 _a Berry, James
_95860
245 0 _aClassic Poems To Read A Loud /
_cJames Berry
260 _bKingfisher Books,
_c2002.
_aLondon:
300 _a256p
650 _aEnglish-Poetry
942 _cBK
_2ddc
_h821
_iBER/C
_k821
_mBER/C